Statistics for 2024 NFL Draft - First Round

Click here to take the quiz!

General Stats

  • This quiz has been taken 40 times
  • The average score is 27 of 32

Answer Stats

PickTeamPositionAnswer% Correct
1BearsQBCaleb Williams
100%
4CardinalsWRMarvin Harrison Jr.
100%
12BroncosQBBo Nix
97%
13RaidersTEBrock Bowers
97%
3PatriotsQBDrake Maye
97%
2CommandersQBJayden Daniels
97%
5ChargersOTJoe Alt
97%
6GiantsWRMalik Nabers
97%
8FalconsQBMichael Penix Jr.
97%
10VikingsQBJ.J. McCarthy
94%
9BearsWRRome Odunze
91%
28ChiefsWRXavier Worthy
89%
23JaguarsWRBrian Thomas Jr.
86%
17VikingsEdgeDallas Turner
86%
19RamsEdgeJared Verse
86%
7TitansOTJC Latham
86%
21DolphinsEdgeChop Robinson
83%
15ColtsEdgeLaiatu Latu
83%
30RavensCBNate Wiggins
83%
22EaglesCBQuinyon Mitchell
83%
24LionsCBTerrion Arnold
83%
16SeahawksDTByron Murphy II
80%
27CardinalsDEDarius Robinson
80%
11JetsOTOlu Fashanu
80%
18BengalsOTAmarius Mims
77%
32CarolinaWRXavier Legette
74%
3149ErsWRRicky Pearsall
71%
20SteelersOTTroy Fautanu
71%
14SaintsOTTaliese Fuaga
69%
25PackersOLJordan Morgan
63%
29CowboysOTTyler Guyton
63%
26BuccaneersCGraham Barton
57%

Score Distribution

Percentile by Number Answered

Percent of People with Each Score

Your Score History

You have not taken this quiz